Aux jardins de Murcie (Registro nro. 170567)
[ vista simple ]
| 000 -LEADER | |
|---|---|
| campo de control de longitud fija | 00886nam a22001935i 4500 |
| 001 - NÚMERO DE CONTROL | |
| campo de control | 170567 |
| 003 - IDENTIFICADOR DE NÚMERO DE CONTROL | |
| campo de control | ES-MaACL |
| 005 - FECHA Y HORA DE LA ÚLTIMA TRANSACCIÓN | |
| campo de control | 20230906214411.0 |
| 008 - DATOS DE LONGITUD FIJA--INFORMACIÓN GENERAL | |
| campo de control de longitud fija | 090317s1930 fr |||| | fre d |
| 080 ## - NÚMERO DE LA CLASIFICACIÓN DECIMAL UNIVERSAL | |
| Número de la Clasificación Decimal Universal | 821.133.1-2"19" |
| 100 1# - ENTRADA PRINCIPAL--NOMBRE DE PERSONA | |
| Nombre de persona | Feliu y Codina, José. |
| 9 (RLIN) | 49204 |
| 245 10 - MENCIÓN DEL TÍTULO | |
| Título | Aux jardins de Murcie |
| Resto del título | : pièce en trois actes / |
| Mención de responsabilidad, etc. | José Feliu y Codina ; adaptation française de Carlos de Batlle et Antonin Lavergne ; adaptation musicale sur des thémes espagnoles de la province de Murcie par M.-H. Jacquet. |
| 260 ## - PUBLICACIÓN, DISTRIBUCIÓN, ETC. | |
| Lugar de publicación, distribución, etc. | [Paris : |
| Nombre del editor, distribuidor, etc. | L'Ilustration, |
| Fecha de publicación, distribución, etc. | 1930] |
| 300 ## - DESCRIPCIÓN FÍSICA | |
| Extensión | 28 p. : |
| Otras características físicas | il. ; |
| Dimensiones | 30 cm. |
| 500 ## - NOTA GENERAL | |
| Nota general | Publicado en: La Petite Illustration : revue hebdomaire nº 502, Théatre nº 268, 8 novembre 1930. |
| 700 0# - ENTRADA AGREGADA--NOMBRE PERSONAL | |
| Nombre de persona | Batlle, Carlos de. |
| 9 (RLIN) | 26440 |
| 700 1# - ENTRADA AGREGADA--NOMBRE PERSONAL | |
| Nombre de persona | Jacquet, H.-Maurice. |
| 9 (RLIN) | 139644 |
| 852 ## - LOCALIZACIÓN | |
| Ubicación | ES-MaACL |
| Número de control de estantería | 2278-F-11 |
| itemnumber | R.141181 |
| Nota libre | .- Biblioteca Jacinto Martínez Lacalle |
| Estatus retirado | Estado de pérdida | Estado de daño | No para préstamo | Colección | Biblioteca de origen | Biblioteca actual | Ubicación en estantería | Fecha de adquisición | Fuente de adquisición | Total de préstamos | Signatura topográfica completa | Código de barras | Visto por última vez | Precio de reemplazo | Tipo de ítem Koha |
|---|---|---|---|---|---|---|---|---|---|---|---|---|---|---|---|
| Colección de folletos | Biblioteca del Ateneo de Madrid | Biblioteca del Ateneo de Madrid | Depósito folletos | 17/03/2009 | 2278-F-11 | 1178999 | 23/02/2023 | 23/02/2023 | Folleto |
